000 03004cam a22004694i 4500
003 PE-LiUPU
005 20250731165442.0
008 160913s2016 pe a grm 000 0 spa d
035 _a(Sirsi) a163401
040 _aPE-LiUPU
_bspa
_cPE-LiUPU
_erda
099 _aTEF 2
_bG87 2016
100 1 _aGuerrero Estela, Rubí Daniela,
_eautor
245 1 _aNivel de conflicto de la vida familiar - laboral de las profesionales de enfermería y la existencia de iniciativas, prácticas y políticas de conciliación trabajo - familia en dos hospitales de Lima, 2015 /
_cRubí Daniela Guerrero Estela.
264 0 _c2016.
300 _a152 hojas
_c30 cm
336 _atext
_2rdacontent
337 _aunmediated
_2rdamedia
338 _avolume
_2rdacarrier
502 _aTesis
_b(Lic.) --
_cUniversidad Peruana Unión,
_d2016.
504 _aIncluye bibliografía
520 3 _aEl objetivo fue determinar las diferencias del nivel de conflicto de la vida familiar-laboral de las profesionales de enfermería y la existencia de iniciativas, prácticas y políticas de conciliación trabajo-familia en dos hospitales de Lima, 2015. El estudio fue de tipo no experimental con diseño comparativo. El muestreo fue de carácter no probabilístico con una muestra de 63 profesionales de enfermería. Los instrumentos empleados fueron: el cuestionario "Sobre Conflicto y Conciliación vida familiar-laboral" con 18 ítems y el cuestionario "Iniciativas, prácticas y políticas para conciliar la vida laboral y la vida familiar" con 31 ítems. Se encontró que no existen diferencias entre las variables de estudio, sin embargo, el conflicto de la vida familiar - laboral en los profesionales de enfermería del HIICGSIL fue moderado con 22,2% y alto con un 12,7%, a diferencia del HJAT donde el conflicto fue moderado con un 25,4% y alto con un 7, 9%. Asimismo, se halló que en el HIICGSIL no existen iniciativas, prácticas y políticas de conciliación con un 28,6%, a diferencia del HJAT donde sí existen con un 30,2%. Por otro lado, en la dimensión "Comportamiento basado en trabajo que interfiere con familia" se halló diferencia significativa con un p-valor 0.33, ya que en el HIICGSIL el 14,3% refiere alta interferencia, y en el HJATCH sólo el 4,8% lo refiere. En conclusión, no existen diferencias significativas entre las variables de estudio en dos hospitales de Lima.
526 _aSEG44
526 _aSEG26
526 _aP151
526 _aP150
526 _aP149
526 _aP146
526 _aP145
526 _aP126
526 _aP125
526 _aP92
526 _aP75
526 _aP74
526 _aP27
526 _aP15
650 0 4 _aEnfermeras
_xTrabajo y familia
650 0 4 _aTrabajo y familia
700 1 _aGil Ferreyra, Nira Fiorella,
_eautor
596 _a1
942 _2ddc
_cTESIS
999 _aTEF 2 G87 2016
_wALPHANUM
_c12281
_iT02024
_lCCODEBUL3
_mBUL
_r1
_sY
_tTESIS
_u2016-9-13
_xSALUD
_PP22
_o.STAFF. Tesis
_d12281
980 _81
_gALBERTO SANCHEZ Responsable de Automatización